000 00688nam a2200229 i 4500
001 C2-0316594
003 PPAK
005 20180728112645.0
008 120802s2011 my a|||| ||||| | may d
040 _aPPAK
_beng
_cPPAK
_erda
082 0 4 _a352.1409595112
_223
090 0 0 _a352.1409595112
_bDIR
_dKK
090 0 0 _a352.1409595112
_bDIR
_dR
245 0 0 _aDirektori Pegawai Tadbir Negeri KCS 2011
264 1 _aKedah :
_bSetiausaha Kerajaan Negeri Kedah ,
_c2011
300 _a169 pages :
_bcolour illustrations ;
_c25 cm
336 _2rdacontent
_atext
337 _2rdamedia
_aunmediated
338 _2rdacarrier
_avolume
650 1 0 _aLocal administration - Kedah
942 _ddc
_cB
999 _c117720
_d117720